000 00628nam a2200121Ia 4500
008 220620s9999||||xx |||||||||||||| ||und||
245 0 _aNew Insights in the History of Interpreting
546 _aEnglish[eng]
650 _aHistory||history||translation studies||interpreting||Japan||Japanese language||Language interpretation||War crime
700 _aTakeda, Kayoko||Baigorri-Jalón, Jesús
856 _uhttps://library.oapen.org/bitstream/20.500.12657/30719/1/643260.pdf||https://library.oapen.org/bitstream/20.500.12657/30719/1/643260.pdf||https://library.oapen.org/bitstream/20.500.12657/30719/1/643260.pdf
942 _cEB
999 _c32884
_d32884